Курс дифференциального и интегрального исчисления: учебное пособие

Bibliografiske detaljer
Hovedforfatter: Фихтенгольц Г. М. Григорий Михайлович
Sprog:russisk
Udgivet: Москва, Наука, 1969
Format: Bog
KOHA link:https://koha.lib.tpu.ru/cgi-bin/koha/opac-detail.pl?biblionumber=39525

MARC

LEADER 00000nam1a2200000 4500
001 39525
005 20231031011514.0
035 |a (RuTPU)RU\TPU\book\40394 
090 |a 39525 
100 |a 20020405d m y0rusy50 ca 
101 0 |a rus 
102 |a RU 
200 1 |a Курс дифференциального и интегрального исчисления  |e учебное пособие  |f Г. М. Фихтенгольц 
210 |a Москва  |c Наука  |d 1969 
700 1 |a Фихтенгольц  |b Г. М.  |g Григорий Михайлович 
801 1 |a RU  |b 63413507  |c 20020405  |g PSBO 
801 2 |a RU  |b 63413507  |c 20140408  |g RCR 
942 |c BK